LEADER 01142nam a2200301 i 4500 001 000000134389 003 CaOOAMICUS 005 20050203000000.0 008 050203s1988 it u000 u ita u 013 $a107557 020 $a88-211-8361-0 040 $aSeMil$bita 100 1 $aBarromi, Joel.$0(OLS)http://semarc/name/54966 245 12$aL'antisemismo moderno /$cJoel Barromi ; presentazione di Ary Roest Crollius. 260 $aGenova :$bMarietti,$c1988. 300 $a136 p. ;$c20 cm. 490 0 $aIl ponte 500 $aFondo Card. C.M. Martini. 650 4$aAntisemitismo.$0(OLS)http://semarc/subject/1421 700 1 $aRoest Crollius, Arij A.,$c.$0(OLS)http://semarc/name/4604 830 3$aIl Ponte.$0(OLS)http://semarc/title/11645 850 $aSeMil 852 $aSeMil$W1$xVenegono$y1$m3U II 435$j88145$B88145$CSeMilBibl$Z2$F92393 $81 941 1 $a4 961 $aOmaggio: Martini Card. Carlo Maria 996 $6020$a88-211-8361-0$9(OLS)http://semarc/number/121595 996 $6245$aL'antisemismo moderno$9(OLS)http://semarc/title/196640 996 $6260$aGenova :$bMarietti$9(OLS)http://semarc/publisher/29997 LEADER 01093nam a2200253 i 4500 001 000000052923 003 CaOOAMICUS 005 20140805000000.0 008 140805s1979 xx u000 u ger u 013 $a24095 020 $a3-210-24575-4 040 $aSeMil$bita 100 1 $aWoschitz, Karl Matthäus.$0(OLS)http://semarc/name/26125 245 10$aElpis Hoffnung :$bGeschichte, Philosophie, Exegese, Theologie, eines Schlüsselbegriffs /$cKarl Matthäus Woschitz. 260 $aWien [etc.] :$bHerder,$c1979. 300 $a773 p. ;$c24 cm. 650 4$aSperanza - Teologia.$0(OLS)http://semarc/subject/366 650 4$aSperanza.$0(OLS)http://semarc/subject/7859 850 $aSeMil 852 $aSeMil$W1$xVenegono$y1$m2Z II 273$j19077$B19077$CSeMilBibl$Z2$F19079 $81 961 $aAcquisto: Casa editrice 996 $6020$a3-210-24575-4$9(OLS)http://semarc/number/27452 996 $6245$aElpis Hoffnung :$bGeschichte, Philosophie, Exegese, Theologie, eines Schlüsselbegriffs$9(OLS)http://semarc/title/81381 996 $6260$aWien [etc.] :$bHerder$9(OLS)http://semarc/publisher/35824